Create the Country From the Letter Jumble #4 - Statistics

General Stats
  • This quiz has been taken 79 times
  • The average score is 10 of 15
Answer Stats
Hint Answer % Correct
hielc Chile
97%
ultvau Tuvalu
91%
suaiurtim Mauritius
88%
riebnu Brunei
85%
agnuay Guyana
84%
naadug Uganda
84%
rmanamy Myanmar
81%
aeagrli Algeria
80%
ginomola Mongolia
80%
aloeanb Lebanon
55%
kaneorrtoh North Korea
55%
adaandubrguabnait Antigua and Barbuda
49%
auiesgnsiuab Guinea-Bissau
47%
dkientgindmou United Kingdom
36%
eraosmtit East Timor
28%
No matching quizzes found
Score Distribution
Percent of People with Each Score
Percentile by Number Answered
Your Score History
You have not taken this quiz